[Event "WYCC 2018 G16"]
[Site "Halkidiki"]
[Date "2018.10.26"]
[Round "7"]
[White "Plaza Reino, Mercedes"]
[Black "Esadze, Tamari"]
[Result "1-0"]
[WhiteElo "1727"]
[BlackElo "1911"]
[Annotator "NA"]
[PlyCount "91"]
[EventDate "2018.10.20"]
[EventType "swiss"]
[EventCountry "GRE"]
[SourceTitle "playchess.com"]
[Source "ChessBase"]
[SourceQuality "1"]
[TimeControl "40/5400+30:1800+30"]

1. d4 {[%emt 0:00:00]} Nf6 {[%emt 0:00:00]} 2. c4 {[%emt 0:00:00]} e6 {[%emt 0:00:00]} 3. Nf3 {[%emt 0:00:00]} b6 {[%emt 0:00:00]} 4. e3 {[%emt 0:01:06]} Bb7 {[%emt 0:01:01]} 5. Be2 {[%emt 0:01:10]} Bb4+ {[%emt 0:00:28]} 6. Nbd2 {[%emt 0:00:18]} O-O {[%emt 0:02:44]} 7. a3 {[%emt 0:00:22]} Bxd2+ {[%emt 0:00:08]} 8. Qxd2 {[%emt 0:00:08]} Ne4 {[%emt 0:00:49]} 9. Qc2 {[%emt 0:00:42]} d6 {[%emt 0:00:28]} 10. O-O {[%emt 0:00:39]} f5 {[%emt 0:02:14]} 11. b4 {[%emt 0:00:34]} Nd7 {[%emt 0:02:56]} 12. d5 {[%emt 0:01:51]} e5 {[%emt 0:16:03]} 13. Nd2 {[%emt 0:00:22]} Nxd2 {[%emt 0:06:54]} 14. Bxd2 Qh4 15. f3 {[%emt 0:04:08]} f4 {[%emt 0:10:12]} 16. Bd3 {[%emt 0:04:46]} fxe3 {[%emt 0:14:42]} 17. Bxe3 {[%emt 0:00:12]} Nf6 {[%emt 0:02:35]} 18. Qf2 {[%emt 0:09:20]} Qh5 {[%emt 0:05:41]} 19. Qg3 {[%emt 0:02:51]} Qf7 {[%emt 0:06:45]} 20. Bg5 {[%emt 0:05:42]} Nh5 {[%emt 0:02:29]} 21. Qh4 {[%emt 0:01:48]} h6 {[%emt 0:01:04]} 22. Bd2 {[%emt 0:03:54]} g5 {[%emt 0:04:30]} 23. Qe1 {[%emt 0:05:56]} Nf4 {[%emt 0:02:50]} 24. Be4 {[%emt 0:02:38]} Rae8 {[%emt 0:03:00]} 25. g3 {[%emt 0:13:02]} Nh3+ {[%emt 0:00:20]} 26. Kg2 {[%emt 0:02:09]} Bc8 {[%emt 0:00:13]} 27. Qb1 {[%emt 0:01:59]} Kg7 {[%emt 0:02:45]} 28. Qc2 {[%emt 0:01:36]} Qh5 {[%emt 0:04:48]} 29. Be3 {[%emt 0:06:36]} g4 {[%emt 0:00:44]} 30. c5 {[%emt 0:08:23]} Ba6 {[%emt 0:02:18]} 31. cxd6 {[%emt 0:03:31]} Bxf1+ {[%emt 0:01:21]} 32. Rxf1 {[%emt 0:00:16]} Ng5 {[%emt 0:02:50]} 33. Bxg5 {[%emt 0:03:10]} Qh3+ {[%emt 0:00:08]} 34. Kg1 {[%emt 0:00:56]} hxg5 {[%emt 0:00:32]} 35. dxc7 {[%emt 0:03:48]} gxf3 {[%emt 0:00:17]} 36. Rxf3 {[%emt 0:03:19]} Rxf3 {[%emt 0:00:35]} 37. Bxf3 {[%emt 0:00:03]} e4 {[%emt 0:03:09]} 38. Bxe4 {[%emt 0:02:00]} Qg4 {[%emt 0:00:10]} 39. d6 {[%emt 0:03:07]} Qe6 {[%emt 0:00:54]} 40. Qd3 {[%emt 0:00:00]} Qe5 {[%emt 0:00:00]} 41. d7 {[%emt 0:04:13]} Qa1+ {[%emt 0:05:55]} 42. Kg2 {[%emt 0:02:19]} Rxe4 {[%emt 0:06:28]} 43. c8=Q {[%emt 0:09:38]} Rd4 {[%emt 0:05:00]} 44. Qxd4+ {[%emt 0:11:52]} Qxd4 {[%emt 0:00:04]} 45. d8=Q {[%emt 0:00:19]} Qb2+ {[%emt 0:01:39]} 46. Kh3 {[%emt 0:00:30]} 1-0

[Event "WYCC 2018 G16"]
[Site "Halkidiki"]
[Date "2018.10.26"]
[Round "7"]
[White "Akti, Ezgi"]
[Black "Cramling Bellon, Anna"]
[Result "0-1"]
[WhiteElo "1643"]
[BlackElo "2025"]
[Annotator "NA"]
[PlyCount "122"]
[EventDate "2018.10.20"]
[EventType "swiss"]
[EventCountry "GRE"]
[SourceTitle "playchess.com"]
[Source "ChessBase"]
[SourceQuality "1"]
[TimeControl "40/5400+30:1800+30"]

1. e4 {[%emt 0:00:00]} c5 {[%emt 0:00:00]} 2. Nf3 {[%emt 0:00:00]} e6 {[%emt 0:00:00]} 3. c3 {[%emt 0:00:00]} Nf6 {[%emt 0:00:00]} 4. e5 {[%emt 0:01:39]} Nd5 {[%emt 0:00:00]} 5. d4 {[%emt 0:00:05]} cxd4 {[%emt 0:00:02]} 6. cxd4 {[%emt 0:00:04]} d6 {[%emt 0:00:07]} 7. Bc4 {[%emt 0:18:57]} Be7 {[%emt 0:00:23]} 8. O-O {[%emt 0:01:55]} Nc6 {[%emt 0:05:22]} 9. a3 {[%emt 0:05:24]} O-O {[%emt 0:00:27]} 10. Qe2 {[%emt 0:05:20]} Bd7 {[%emt 0:05:44]} 11. Rd1 {[%emt 0:15:07]} Na5 {[%emt 0:08:04]} 12. Bxd5 {[%emt 0:04:22]} exd5 {[%emt 0:00:06]} 13. Nc3 {[%emt 0:00:11]} Nb3 {[%emt 0:15:54]} 14. Ra2 {[%emt 0:00:28]} Nxc1 {[%emt 0:00:10]} 15. Rxc1 {[%emt 0:00:06]} Rc8 {[%emt 0:00:24]} 16. Raa1 {[%emt 0:01:17]} Be6 {[%emt 0:08:26]} 17. Qb5 {[%emt 0:12:24]} dxe5 {[%emt 0:12:44]} 18. Nxe5 {[%emt 0:00:54]} Bg5 {[%emt 0:07:43]} 19. Rd1 {[%emt 0:02:35]} Rc7 {[%emt 0:00:38]} 20. Qf1 {[%emt 0:01:39]} f6 {[%emt 0:06:15]} 21. Nd3 {[%emt 0:01:09]} Bg4 {[%emt 0:00:23]} 22. f3 {[%emt 0:02:02]} Be3+ {[%emt 0:03:12]} 23. Kh1 {[%emt 0:00:01]} Bf5 {[%emt 0:09:59]} 24. Nb4 {[%emt 0:13:08]} Rd7 {[%emt 0:00:15]} 25. Qe2 {[%emt 0:04:26]} Re8 {[%emt 0:01:42]} 26. Re1 {[%emt 0:02:23]} Bg6 {[%emt 0:00:22]} 27. Qd1 {[%emt 0:01:02]} a5 {[%emt 0:01:14]} 28. Nbxd5 {[%emt 0:03:44]} Rxd5 {[%emt 0:01:01]} 29. Nxd5 {[%emt 0:00:06]} Qxd5 {[%emt 0:00:07]} 30. Qa4 {[%emt 0:00:30]} Bh5 {[%emt 0:11:23]} 31. Rad1 {[%emt 0:02:21]} b5 {[%emt 0:00:27]} 32. Qc2 {[%emt 0:00:10]} f5 {[%emt 0:00:36]} 33. Rd3 {[%emt 0:01:26]} f4 {[%emt 0:00:04]} 34. Qd1 {[%emt 0:00:58]} a4 {[%emt 0:01:21]} 35. b3 {[%emt 0:00:36]} Bg6 {[%emt 0:00:55]} 36. Rc3 {[%emt 0:00:34]} Qxd4 {[%emt 0:01:29]} 37. Qxd4 {[%emt 0:00:02]} Bxd4 {[%emt 0:00:06]} 38. Rxe8+ {[%emt 0:00:05]} Bxe8 {[%emt 0:00:07]} 39. Rd3 {[%emt 0:00:06]} Bb2 {[%emt 0:00:57]} 40. bxa4 {[%emt 0:00:00]} bxa4 {[%emt 0:00:00]} 41. g3 {[%emt 0:04:06]} Bg6 {[%emt 0:13:18]} 42. Rd2 {[%emt 0:02:51]} Bc1 {[%emt 0:02:46]} 43. Rd4 {[%emt 0:00:40]} Be8 {[%emt 0:01:57]} 44. Rd3 {[%emt 0:00:11]} Kf7 {[%emt 0:05:05]} 45. gxf4 {[%emt 0:00:21]} Bxf4 {[%emt 0:00:32]} 46. Rc3 {[%emt 0:00:56]} g5 {[%emt 0:03:23]} 47. Kg2 {[%emt 0:00:49]} Bd7 {[%emt 0:00:56]} 48. Rc4 {[%emt 0:03:20]} Bd6 {[%emt 0:00:46]} 49. Rd4 {[%emt 0:00:20]} Ke7 {[%emt 0:00:22]} 50. Rd3 {[%emt 0:00:25]} Be6 {[%emt 0:00:26]} 51. Re3 {[%emt 0:00:42]} Kf6 {[%emt 0:00:53]} 52. Rd3 {[%emt 0:00:21]} Be7 {[%emt 0:00:28]} 53. f4 {[%emt 0:02:36]} gxf4 {[%emt 0:00:59]} 54. Rd4 {[%emt 0:00:05]} Bb3 {[%emt 0:00:05]} 55. Rxf4+ {[%emt 0:00:08]} Ke5 {[%emt 0:00:10]} 56. Rg4 {[%emt 0:00:30]} Bxa3 {[%emt 0:00:29]} 57. Rh4 {[%emt 0:00:30]} Bd5+ {[%emt 0:01:53]} 58. Kf2 {[%emt 0:00:07]} Be4 {[%emt 0:00:32]} 59. Ke3 {[%emt 0:01:05]} Bc1+ {[%emt 0:02:12]} 60. Ke2 {[%emt 0:00:03]} a3 {[%emt 0:00:28]} 61. Rh5+ {[%emt 0:00:14]} Bf5 {[%emt 0:00:29]} 0-1

[Event "WYCC 2018 G16"]
[Site "Halkidiki"]
[Date "2018.10.26"]
[Round "7"]
[White "De Freitas, Isabella Ribeiro Co"]
[Black "Palma, Maria"]
[Result "0-1"]
[WhiteElo "1605"]
[BlackElo "2106"]
[Annotator "NA"]
[PlyCount "120"]
[EventDate "2018.10.20"]
[EventType "swiss"]
[EventCountry "GRE"]
[SourceTitle "playchess.com"]
[Source "ChessBase"]
[SourceQuality "1"]
[TimeControl "40/5400+30:1800+30"]

1. c4 {[%emt 0:00:00]} Nf6 {[%emt 0:00:00]} 2. Nf3 {[%emt 0:00:00]} c5 {[%emt 0:00:00]} 3. Nc3 {[%emt 0:00:02]} d5 {[%emt 0:00:00]} 4. cxd5 {[%emt 0:01:04]} Nxd5 {[%emt 0:00:00]} 5. g3 {[%emt 0:00:24]} Nc6 {[%emt 0:01:48]} 6. Bg2 {[%emt 0:00:59]} g6 {[%emt 0:09:55]} 7. O-O {[%emt 0:13:45]} Bg7 {[%emt 0:00:54]} 8. Qb3 {[%emt 0:02:11]} Nb6 {[%emt 0:03:46]} 9. d3 {[%emt 0:13:52]} O-O {[%emt 0:01:41]} 10. Be3 {[%emt 0:04:44]} Nd4 {[%emt 0:03:47]} 11. Qd1 {[%emt 0:06:29]} e5 {[%emt 0:02:59]} 12. Rc1 {[%emt 0:03:54]} Qe7 {[%emt 0:20:55]} 13. Ne4 {[%emt 0:06:08]} Bg4 {[%emt 0:12:00]} 14. Nxc5 {[%emt 0:12:16]} Bxf3 {[%emt 0:07:29]} 15. exf3 {[%emt 0:09:30]} Rfd8 {[%emt 0:03:22]} 16. Re1 {[%emt 0:05:03]} Rac8 {[%emt 0:03:28]} 17. Ne4 {[%emt 0:02:40]} Rxc1 {[%emt 0:02:26]} 18. Qxc1 {[%emt 0:01:25]} Rc8 {[%emt 0:01:02]} 19. Qd1 {[%emt 0:00:09]} Qb4 {[%emt 0:01:43]} 20. b3 {[%emt 0:01:04]} Nd5 {[%emt 0:03:48]} 21. Bxd4 {[%emt 0:03:11]} Qxd4 {[%emt 0:00:28]} 22. Qd2 {[%emt 0:02:07]} Nb4 {[%emt 0:09:30]} 23. Rc1 {[%emt 0:07:15]} Nc6 {[%emt 0:01:08]} 24. Qc3 {[%emt 0:01:27]} Qxc3 {[%emt 0:03:17]} 25. Rxc3 {[%emt 0:00:04]} Rd8 {[%emt 0:00:04]} 26. Rc4 {[%emt 0:02:45]} Rxd3 {[%emt 0:01:15]} 27. Nc5 {[%emt 0:00:04]} Rd1+ {[%emt 0:01:30]} 28. Bf1 {[%emt 0:00:02]} b5 {[%emt 0:02:03]} 29. Re4 {[%emt 0:00:51]} Nd4 {[%emt 0:01:15]} 30. Kg2 {[%emt 0:00:26]} Ra1 {[%emt 0:00:49]} 31. f4 {[%emt 0:00:38]} f5 {[%emt 0:00:14]} 32. Re3 {[%emt 0:00:37]} e4 {[%emt 0:00:36]} 33. a4 {[%emt 0:00:11]} bxa4 {[%emt 0:01:48]} 34. bxa4 {[%emt 0:00:01]} Bf8 {[%emt 0:00:40]} 35. Nb3 {[%emt 0:01:39]} Rxa4 {[%emt 0:00:34]} 36. Nxd4 {[%emt 0:00:02]} Rxd4 {[%emt 0:00:10]} 37. Rb3 {[%emt 0:00:12]} Bb4 {[%emt 0:00:34]} 38. Ba6 {[%emt 0:00:39]} Kf8 {[%emt 0:00:35]} 39. Re3 {[%emt 0:01:00]} Rd6 {[%emt 0:00:22]} 40. Bc4 {[%emt 0:00:00]} a5 {[%emt 0:00:00]} 41. Bb5 {[%emt 0:06:39]} Rd4 {[%emt 0:16:57]} 42. f3 {[%emt 0:14:18]} Bd2 {[%emt 0:09:02]} 43. Ra3 {[%emt 0:02:03]} e3 {[%emt 0:00:14]} 44. Kf1 {[%emt 0:04:30]} Ke7 {[%emt 0:01:56]} 45. Ke2 {[%emt 0:02:48]} Kd6 {[%emt 0:00:08]} 46. h3 {[%emt 0:03:08]} Kc5 {[%emt 0:00:07]} 47. Ba4 {[%emt 0:00:40]} Kb4 {[%emt 0:00:32]} 48. Ra2 {[%emt 0:00:24]} Bc1 {[%emt 0:00:43]} 49. Bd1 {[%emt 0:00:38]} Rd2+ {[%emt 0:01:45]} 50. Rxd2 {[%emt 0:00:09]} exd2 {[%emt 0:01:04]} 51. Kd3 {[%emt 0:00:47]} a4 {[%emt 0:00:11]} 52. Bxa4 {[%emt 0:00:34]} Kxa4 {[%emt 0:00:08]} 53. Kc2 {[%emt 0:00:13]} Kb4 {[%emt 0:00:08]} 54. g4 {[%emt 0:00:36]} Kc4 {[%emt 0:00:05]} 55. h4 Kd4 56. h5 {[%emt 0:01:09]} Ke3 {[%emt 0:00:17]} 57. Kd1 {[%emt 0:00:26]} Kxf4 {[%emt 0:00:21]} 58. hxg6 {[%emt 0:00:26]} hxg6 {[%emt 0:00:05]} 59. gxf5 {[%emt 0:00:07]} gxf5 {[%emt 0:00:05]} 60. Ke2 {[%emt 0:00:09]} Kg3 {[%emt 0:00:09]} 0-1

[Event "WYCC 2018 G16"]
[Site "Halkidiki"]
[Date "2018.10.26"]
[Round "7"]
[White "Michielsen, Lies"]
[Black "Xing, Ashley"]
[Result "0-1"]
[WhiteElo "1398"]
[BlackElo "1889"]
[Annotator "NA"]
[PlyCount "76"]
[EventDate "2018.10.20"]
[EventType "swiss"]
[EventCountry "GRE"]
[SourceTitle "playchess.com"]
[Source "ChessBase"]
[SourceQuality "1"]
[TimeControl "40/5400+30:1800+30"]

1. d4 {[%emt 0:00:00]} Nf6 {[%emt 0:00:00]} 2. Nf3 {[%emt 0:00:00]} e6 {[%emt 0:00:00]} 3. c4 {[%emt 0:00:25]} Bb4+ {[%emt 0:00:00]} 4. Bd2 {[%emt 0:04:37]} a5 {[%emt 0:00:15]} 5. Nc3 {[%emt 0:06:22]} Qe7 {[%emt 0:02:09]} 6. e3 {[%emt 0:03:34]} O-O {[%emt 0:01:37]} 7. Bd3 {[%emt 0:01:03]} d6 {[%emt 0:01:59]} 8. a3 {[%emt 0:03:33]} Bxc3 {[%emt 0:00:09]} 9. Bxc3 {[%emt 0:00:17]} a4 {[%emt 0:00:57]} 10. O-O {[%emt 0:01:09]} Nbd7 {[%emt 0:15:09]} 11. Bc2 {[%emt 0:04:19]} Nb6 {[%emt 0:00:47]} 12. Qd3 {[%emt 0:09:06]} Rd8 {[%emt 0:09:52]} 13. Rfd1 {[%emt 0:10:02]} Bd7 {[%emt 0:08:59]} 14. Ng5 {[%emt 0:09:46]} g6 {[%emt 0:11:47]} 15. e4 {[%emt 0:09:14]} e5 {[%emt 0:03:30]} 16. f4 {[%emt 0:08:25]} Bg4 {[%emt 0:07:08]} 17. Rf1 {[%emt 0:01:06]} Nh5 {[%emt 0:08:34]} 18. g3 {[%emt 0:04:08]} h6 {[%emt 0:02:13]} 19. Nf3 {[%emt 0:02:55]} exf4 {[%emt 0:04:34]} 20. gxf4 {[%emt 0:03:46]} Nxf4 {[%emt 0:00:45]} 21. Qe3 {[%emt 0:01:50]} g5 {[%emt 0:02:27]} 22. Bd3 {[%emt 0:05:02]} Re8 {[%emt 0:03:49]} 23. Rae1 {[%emt 0:02:01]} Bh3 {[%emt 0:01:47]} 24. Rf2 {[%emt 0:00:44]} Qe6 {[%emt 0:02:22]} 25. Kh1 {[%emt 0:03:39]} Nxc4 {[%emt 0:04:03]} 26. Bxc4 {[%emt 0:02:25]} Qxc4 {[%emt 0:00:28]} 27. Rg1 {[%emt 0:01:10]} Ne2 {[%emt 0:03:08]} 28. Rxe2 {[%emt 0:01:39]} Bf5 {[%emt 0:00:41]} 29. e5 {[%emt 0:00:39]} dxe5 {[%emt 0:00:41]} 30. Nd2 {[%emt 0:01:05]} Qc6+ {[%emt 0:01:27]} 31. Rgg2 {[%emt 0:00:57]} Bg4 {[%emt 0:01:16]} 32. Qe4 {[%emt 0:00:28]} Bxe2 {[%emt 0:00:51]} 33. Qxc6 {[%emt 0:00:06]} bxc6 {[%emt 0:00:01]} 34. Rxe2 {[%emt 0:00:09]} exd4 {[%emt 0:00:10]} 35. Rxe8+ {[%emt 0:00:09]} Rxe8 {[%emt 0:00:03]} 36. Bxd4 {[%emt 0:00:09]} Re1+ {[%emt 0:00:34]} 37. Bg1 {[%emt 0:00:26]} Re2 {[%emt 0:00:53]} 38. Nc4 {[%emt 0:00:08]} Rc2 {[%emt 0:00:19]} 0-1

[Event "WYCC 2018 G16"]
[Site "Halkidiki"]
[Date "2018.10.26"]
[Round "7"]
[White "Sild, Marta Pauliine"]
[Black "Tejasvi M"]
[Result "0-1"]
[WhiteElo "1394"]
[BlackElo "1869"]
[Annotator "NA"]
[PlyCount "82"]
[EventDate "2018.10.20"]
[EventType "swiss"]
[EventCountry "GRE"]
[SourceTitle "playchess.com"]
[Source "ChessBase"]
[SourceQuality "1"]
[TimeControl "40/5400+30:1800+30"]

1. e4 {[%emt 0:00:00]} e5 {[%emt 0:00:14]} 2. Bc4 {[%emt 0:00:00]} Nf6 {[%emt 0:00:07]} 3. d3 {[%emt 0:00:00]} c6 {[%emt 0:00:15]} 4. Nf3 {[%emt 0:00:00]} d5 {[%emt 0:00:08]} 5. Bb3 {[%emt 0:00:03]} Bb4+ {[%emt 0:00:19]} 6. Bd2 {[%emt 0:01:20]} Bxd2+ {[%emt 0:00:22]} 7. Nbxd2 {[%emt 0:00:30]} a5 {[%emt 0:01:24]} 8. a4 {[%emt 0:04:09]} Nbd7 {[%emt 0:02:24]} 9. O-O {[%emt 0:00:29]} O-O {[%emt 0:01:13]} 10. Re1 {[%emt 0:00:59]} Re8 {[%emt 0:02:20]} 11. h3 {[%emt 0:02:30]} Qc7 {[%emt 0:10:47]} 12. c3 {[%emt 0:05:47]} Nf8 {[%emt 0:08:35]} 13. Nf1 {[%emt 0:02:20]} dxe4 {[%emt 0:07:06]} 14. dxe4 {[%emt 0:00:24]} Ng6 {[%emt 0:04:10]} 15. Ng3 {[%emt 0:00:26]} h6 {[%emt 0:04:55]} 16. Qc2 {[%emt 0:06:34]} Nf4 {[%emt 0:04:26]} 17. Rad1 {[%emt 0:05:15]} g6 {[%emt 0:13:55]} 18. Ne2 {[%emt 0:05:00]} N6h5 {[%emt 0:04:23]} 19. Nxf4 {[%emt 0:03:21]} Nxf4 {[%emt 0:00:11]} 20. Qd2 {[%emt 0:06:12]} Qb6 {[%emt 0:10:24]} 21. Ba2 {[%emt 0:02:42]} Be6 {[%emt 0:05:41]} 22. Bxe6 {[%emt 0:04:58]} Rxe6 {[%emt 0:00:07]} 23. Kh2 {[%emt 0:05:09]} Rae8 {[%emt 0:03:04]} 24. Rf1 {[%emt 0:08:36]} Kg7 {[%emt 0:02:41]} 25. Qc2 {[%emt 0:02:49]} Nh5 {[%emt 0:05:05]} 26. Rd3 {[%emt 0:05:43]} Nf6 {[%emt 0:00:27]} 27. Nd2 {[%emt 0:02:24]} Qc7 {[%emt 0:01:06]} 28. Rg3 {[%emt 0:01:32]} Rd8 {[%emt 0:02:26]} 29. Nb3 {[%emt 0:02:19]} Red6 {[%emt 0:01:31]} 30. Re1 {[%emt 0:06:04]} b5 {[%emt 0:02:47]} 31. axb5 {[%emt 0:02:09]} cxb5 {[%emt 0:00:12]} 32. Re2 {[%emt 0:00:21]} a4 {[%emt 0:00:36]} 33. Nc1 {[%emt 0:00:29]} Nh5 {[%emt 0:00:12]} 34. Rd3 {[%emt 0:01:43]} Nf4 {[%emt 0:00:34]} 35. Rxd6 {[%emt 0:00:17]} Qxd6 {[%emt 0:00:04]} 36. Re3 {[%emt 0:02:18]} Qd2 {[%emt 0:00:11]} 37. Qxd2 {[%emt 0:00:21]} Rxd2 {[%emt 0:00:01]} 38. Kg3 {[%emt 0:02:55]} Rxb2 {[%emt 0:00:16]} 39. Nd3 {[%emt 0:00:30]} Nxd3 {[%emt 0:00:06]} 40. Rxd3 {[%emt 0:00:00]} a3 {[%emt 0:00:00]} 41. Rd7 {[%emt 0:00:17]} Rb3 {[%emt 0:00:42]} 0-1

[Event "WYCC 2018 G16"]
[Site "Halkidiki"]
[Date "2018.10.27"]
[Round "8"]
[White "Maltsevskaya, Aleksandra"]
[Black "Urh, Zala"]
[Result "1-0"]
[WhiteElo "2290"]
[BlackElo "2066"]
[Annotator "NA"]
[PlyCount "157"]
[EventDate "2018.10.20"]
[EventType "swiss"]
[EventCountry "GRE"]
[SourceTitle "playchess.com"]
[Source "ChessBase"]
[SourceQuality "1"]
[TimeControl "40/5400+30:1800+30"]

1. c4 {[%emt 0:00:00]} e5 {[%emt 0:00:00]} 2. Nc3 {[%emt 0:00:00]} Nf6 {[%emt 0:00:31]} 3. g3 {[%emt 0:00:02]} d5 {[%emt 0:00:47]} 4. cxd5 {[%emt 0:00:06]} Nxd5 {[%emt 0:00:09]} 5. Bg2 {[%emt 0:00:06]} Nb6 {[%emt 0:00:08]} 6. Nf3 {[%emt 0:00:08]} Nc6 {[%emt 0:00:05]} 7. O-O {[%emt 0:00:38]} Be7 {[%emt 0:00:31]} 8. a3 {[%emt 0:00:38]} O-O {[%emt 0:00:45]} 9. b4 {[%emt 0:00:28]} Re8 {[%emt 0:00:41]} 10. d3 {[%emt 0:02:23]} a5 {[%emt 0:07:12]} 11. b5 {[%emt 0:00:22]} Nd4 {[%emt 0:00:05]} 12. Nd2 {[%emt 0:04:17]} c6 {[%emt 0:01:52]} 13. bxc6 {[%emt 0:07:35]} Nxc6 {[%emt 0:00:08]} 14. Rb1 {[%emt 0:03:03]} Be6 {[%emt 0:05:28]} 15. Nde4 {[%emt 0:06:57]} Rb8 {[%emt 0:06:34]} 16. Be3 {[%emt 0:41:43]} Nd4 {[%emt 0:12:59]} 17. Nb5 {[%emt 0:05:23]} f5 {[%emt 0:05:41]} 18. Nec3 {[%emt 0:07:10]} Bc5 {[%emt 0:09:22]} 19. Bd2 {[%emt 0:02:12]} Qd7 {[%emt 0:06:47]} 20. e3 {[%emt 0:06:07]} Nc6 {[%emt 0:03:25]} 21. Qc2 {[%emt 0:06:09]} Red8 {[%emt 0:06:28]} 22. Ne4 {[%emt 0:02:07]} fxe4 {[%emt 0:12:26]} 23. Qxc5 {[%emt 0:00:07]} Na4 {[%emt 0:01:08]} 24. Qc2 {[%emt 0:00:50]} Qxd3 {[%emt 0:00:09]} 25. Qxa4 {[%emt 0:00:57]} Qxd2 {[%emt 0:00:05]} 26. Rfd1 {[%emt 0:02:05]} Qa2 {[%emt 0:01:37]} 27. Rxd8+ {[%emt 0:00:58]} Rxd8 {[%emt 0:01:22]} 28. Nc3 {[%emt 0:00:04]} Qc4 {[%emt 0:00:41]} 29. Qxc4 {[%emt 0:01:14]} Bxc4 {[%emt 0:00:01]} 30. Bxe4 {[%emt 0:00:10]} Rd7 {[%emt 0:03:42]} 31. Na4 {[%emt 0:00:58]} Ba2 {[%emt 0:09:26]} 32. Rb2 {[%emt 0:00:30]} Rd1+ {[%emt 0:01:04]} 33. Kg2 {[%emt 0:00:04]} Bd5 {[%emt 0:00:20]} 34. Kf3 {[%emt 0:00:56]} Nd4+ {[%emt 0:03:06]} 35. exd4 {[%emt 0:00:20]} Rd3+ {[%emt 0:00:01]} 36. Ke2 {[%emt 0:00:16]} Bxe4 {[%emt 0:00:01]} 37. Nc5 {[%emt 0:00:55]} Rxd4 {[%emt 0:00:05]} 38. Nxb7 {[%emt 0:00:24]} Bxb7 {[%emt 0:00:57]} 39. Rxb7 {[%emt 0:00:03]} Ra4 {[%emt 0:00:46]} 40. Re7 {[%emt 0:00:00]} Rxa3 {[%emt 0:00:00]} 41. Rxe5 {[%emt 0:01:08]} Kf7 {[%emt 0:01:20]} 42. Rb5 {[%emt 0:00:14]} Kf6 {[%emt 0:00:47]} 43. Rb6+ {[%emt 0:00:17]} Kf5 {[%emt 0:00:41]} 44. Rb7 {[%emt 0:00:04]} Kf6 {[%emt 0:00:19]} 45. h4 {[%emt 0:01:06]} Ra2+ {[%emt 0:02:03]} 46. Kf3 {[%emt 0:00:08]} Ra3+ {[%emt 0:00:05]} 47. Kg4 {[%emt 0:01:45]} Ra4+ {[%emt 0:01:25]} 48. f4 {[%emt 0:00:36]} Rb4 {[%emt 0:00:49]} 49. Ra7 {[%emt 0:00:12]} a4 {[%emt 0:00:25]} 50. Ra6+ {[%emt 0:04:58]} Kf7 {[%emt 0:00:09]} 51. Kg5 {[%emt 0:01:51]} h6+ {[%emt 0:03:21]} 52. Kg4 {[%emt 0:04:58]} Rc4 {[%emt 0:00:34]} 53. Ra5 {[%emt 0:00:36]} Kf6 {[%emt 0:01:46]} 54. Kh5 {[%emt 0:02:13]} Rb4 {[%emt 0:03:39]} 55. f5 {[%emt 0:04:28]} Rc4 {[%emt 0:03:22]} 56. g4 {[%emt 0:01:07]} Kf7 {[%emt 0:10:40]} 57. Ra7+ {[%emt 0:05:27]} Kf8 {[%emt 0:00:30]} 58. Ra6 {[%emt 0:05:09]} Rf4 {[%emt 0:01:02]} 59. Ra5 {[%emt 0:02:41]} Rb4 {[%emt 0:02:25]} 60. Ra7 {[%emt 0:00:56]} Rf4 {[%emt 0:02:14]} 61. Ra8+ {[%emt 0:01:22]} Kf7 {[%emt 0:00:16]} 62. Ra7+ {[%emt 0:00:03]} Kf8 {[%emt 0:00:17]} 63. g5 {[%emt 0:00:33]} hxg5 {[%emt 0:02:55]} 64. hxg5 {[%emt 0:00:31]} Rxf5 {[%emt 0:00:39]} 65. Kg6 {[%emt 0:00:03]} Rb5 {[%emt 0:00:46]} 66. Ra8+ {[%emt 0:00:29]} Ke7 {[%emt 0:00:05]} 67. Rxa4 {[%emt 0:00:07]} Kf8 {[%emt 0:03:42]} 68. Ra8+ {[%emt 0:00:10]} Ke7 {[%emt 0:00:01]} 69. Ra7+ {[%emt 0:00:25]} Kf8 {[%emt 0:00:02]} 70. Ra8+ {[%emt 0:00:49]} Ke7 {[%emt 0:00:02]} 71. Rg8 {[%emt 0:00:21]} Ra5 {[%emt 0:00:44]} 72. Rxg7+ {[%emt 0:00:26]} Kf8 {[%emt 0:00:01]} 73. Rb7 {[%emt 0:00:07]} Ra6+ {[%emt 0:00:59]} 74. Kh7 {[%emt 0:00:06]} Ra1 {[%emt 0:00:08]} 75. Rb8+ {[%emt 0:00:06]} Kf7 {[%emt 0:00:02]} 76. g6+ {[%emt 0:00:14]} Kf6 {[%emt 0:00:09]} 77. Rb6+ {[%emt 0:00:10]} Ke7 {[%emt 0:00:21]} 78. g7 {[%emt 0:00:18]} Rh1+ {[%emt 0:00:11]} 79. Rh6 {[%emt 0:00:06]} 1-0